[Event "27th CRO-chT 1A-Men 2018"]
[Site "Biograd"]
[Date "2018.09.12"]
[Round "4.22"]
[White "Bender, Ivan"]
[Black "Mrkonjic, Nenad"]
[Result "1/2-1/2"]
[WhiteElo "2261"]
[BlackElo "2352"]
[Annotator "ChessBase"]
[PlyCount "162"]
[EventDate "2018.09.08"]
[EventType "team-tourn"]
[EventCountry "CRO"]
[SourceTitle "playchess.com"]
[Source "ChessBase"]
[SourceQuality "1"]
[TimeControl "40/5400+30:1800+30"]

1. e4 {[%emt 0:05:30]} Nf6 {[%emt 0:00:30]} 2. e5 {[%emt 0:00:00]} Nd5 {[%emt 0:00:00]} 3. d4 {[%emt 0:00:00]} d6 {[%emt 0:00:00]} 4. Nf3 {[%emt 0:00:30]} dxe5 {[%emt 0:01:30]} 5. Nxe5 {[%emt 0:00:00]} c6 {[%emt 0:00:00]} 6. Be2 {[%emt 0:03:00]} Nd7 {[%emt 0:00:00]} 7. Nf3 {[%emt 0:00:30]} N7f6 {[%emt 0:00:30]} 8. h3 {[%emt 0:00:30]} Bf5 {[%emt 0:00:30]} 9. O-O {[%emt 0:00:00]} h6 {[%emt 0:05:30]} 10. Na3 {[%emt 0:11:00]} e6 {[%emt 0:00:30]} 11. Nc4 {[%emt 0:00:30]} Be7 {[%emt 0:00:30]} 12. c3 {[%emt 0:00:30]} O-O {[%emt 0:00:30]} 13. a4 {[%emt 0:00:00]} a5 {[%emt 0:05:30]} 14. Re1 {[%emt 0:01:00]} Qc7 {[%emt 0:00:30]} 15. Bf1 {[%emt 0:00:30]} Rfd8 {[%emt 0:08:30]} 16. Nfe5 {[%emt 0:08:30]} b5 {[%emt 0:08:30]} 17. Nd2 {[%emt 0:11:30]} bxa4 {[%emt 0:12:30]} 18. Qxa4 {[%emt 0:02:30]} Rdc8 {[%emt 0:00:00]} 19. Nd3 {[%emt 0:09:30]} Qd8 {[%emt 0:13:00]} 20. Nf3 {[%emt 0:07:30]} Nd7 {[%emt 0:00:00]} 21. Nfe5 {[%emt 0:07:30]} Nxe5 {[%emt 0:00:00]} 22. Nxe5 {[%emt 0:00:30]} Qc7 {[%emt 0:00:30]} 23. Nd3 {[%emt 0:00:30]} Rd8 {[%emt 0:01:30]} 24. Ne5 {[%emt 0:10:30]} Rdc8 {[%emt 0:02:30]} 25. Nd3 {[%emt 0:03:29]} Qb6 {[%emt 0:01:30]} 26. Qd1 {[%emt 0:03:27]} Rd8 {[%emt 0:00:30]} 27. Ra4 {[%emt 0:10:00]} Qc7 {[%emt 0:02:30]} 28. Qf3 {[%emt 0:01:31]} Bd6 {[%emt 0:01:30]} 29. Nc5 {[%emt 0:02:55]} Be7 {[%emt 0:10:30]} 30. Ra1 {[%emt 0:00:12]} Bg6 {[%emt 0:05:30]} 31. Na4 {[%emt 0:00:07]} Nb6 {[%emt 0:00:30]} 32. Bf4 {[%emt 0:00:09]} Qb7 {[%emt 0:01:00]} 33. Nxb6 {[%emt 0:02:11]} Qxb6 {[%emt 0:00:04]} 34. Ra2 {[%emt 0:00:26]} a4 {[%emt 0:00:54]} 35. Bd3 {[%emt 0:00:17]} Bxd3 {[%emt 0:01:30]} 36. Qxd3 {[%emt 0:00:39]} c5 {[%emt 0:00:30]} 37. Be3 {[%emt 0:00:00]} Qb3 {[%emt 0:04:23]} 38. Raa1 {[%emt 0:00:00]} cxd4 {[%emt 0:00:30]} 39. Bxd4 {[%emt 0:00:00]} Bf6 {[%emt 0:00:30]} 40. Qd1 {[%emt 0:00:00]} Qc4 {[%emt 0:00:00]} 41. Qe2 {[%emt 0:08:07]} Qxe2 {[%emt 0:04:39]} 42. Rxe2 {[%emt 0:00:00]} Bxd4 {[%emt 0:00:30]} 43. cxd4 {[%emt 0:00:00]} Rdb8 {[%emt 0:05:30]} 44. Rd2 {[%emt 0:12:34]} Rb4 {[%emt 0:00:30]} 45. Kf1 {[%emt 0:02:21]} Rd8 {[%emt 0:00:30]} 46. Rad1 {[%emt 0:00:11]} Rdb8 {[%emt 0:00:30]} 47. Ra1 {[%emt 0:00:17]} Kf8 {[%emt 0:01:30]} 48. d5 {[%emt 0:03:31]} e5 {[%emt 0:02:30]} 49. d6 {[%emt 0:00:08]} Ke8 {[%emt 0:00:00]} 50. Rc1 {[%emt 0:03:05]} Rd4 {[%emt 0:02:00]} 51. Rxd4 {[%emt 0:03:12]} exd4 {[%emt 0:00:00]} 52. Rc4 {[%emt 0:00:41]} d3 {[%emt 0:00:00]} 53. Rxa4 {[%emt 0:00:08]} Rxb2 {[%emt 0:00:30]} 54. Ra1 {[%emt 0:02:31]} Kd7 {[%emt 0:00:30]} 55. Rd1 {[%emt 0:00:01]} Rb3 {[%emt 0:00:30]} 56. Ke1 {[%emt 0:00:07]} f5 {[%emt 0:00:30]} 57. Kd2 {[%emt 0:01:07]} f4 {[%emt 0:00:00]} 58. g3 {[%emt 0:00:16]} Kxd6 {[%emt 0:03:00]} 59. gxf4 {[%emt 0:00:10]} Kd5 {[%emt 0:00:30]} 60. Rg1 {[%emt 0:00:47]} Ke4 {[%emt 0:00:30]} 61. Rxg7 {[%emt 0:00:24]} Rb2+ {[%emt 0:00:30]} 62. Kd1 {[%emt 0:01:47]} Rxf2 {[%emt 0:00:30]} 63. Re7+ {[%emt 0:02:04]} Kxf4 {[%emt 0:00:30]} 64. Rd7 {[%emt 0:00:36]} Rf3 {[%emt 0:00:30]} 65. h4 {[%emt 0:00:30]} Rh3 {[%emt 0:04:30]} 66. Kd2 {[%emt 0:00:28]} Ke4 {[%emt 0:00:30]} 67. Re7+ {[%emt 0:00:08]} Kf5 {[%emt 0:00:30]} 68. Re3 {[%emt 0:00:54]} Rxh4 {[%emt 0:00:30]} 69. Kxd3 {[%emt 0:00:30]} Rh2 {[%emt 0:01:30]} 70. Re2 {[%emt 0:00:13]} Rh3+ {[%emt 0:00:30]} 71. Kd2 {[%emt 0:00:01]} Kf4 {[%emt 0:01:30]} 72. Rf2+ {[%emt 0:01:14]} Kg4 {[%emt 0:01:30]} 73. Ke2 {[%emt 0:00:19]} Ra3 {[%emt 0:00:30]} 74. Kf1 {[%emt 0:00:40]} Kg3 {[%emt 0:00:00]} 75. Kg1 {[%emt 0:00:17]} Ra1+ {[%emt 0:02:00]} 76. Rf1 {[%emt 0:00:01]} Ra2 {[%emt 0:00:30]} 77. Rb1 {[%emt 0:00:12]} Ra3 {[%emt 0:00:30]} 78. Kh1 {[%emt 0:00:32]} h5 {[%emt 0:00:00]} 79. Rc1 {[%emt 0:00:06]} h4 {[%emt 0:00:00]} 80. Rb1 {[%emt 0:00:07]} h3 {[%emt 0:02:30]} 81. Rc1 {[%emt 0:00:58]} h2 {[%emt 0:00:30]} 1/2-1/2

[Event "27th CRO-chT 1A-Men 2018"]
[Site "Biograd"]
[Date "2018.09.12"]
[Round "4.23"]
[White "Feletar, Darko"]
[Black "Brnas, Augustin"]
[Result "1/2-1/2"]
[WhiteElo "2364"]
[BlackElo "2190"]
[Annotator "ChessBase"]
[PlyCount "89"]
[EventDate "2018.09.08"]
[EventType "team-tourn"]
[EventCountry "CRO"]
[SourceTitle "playchess.com"]
[Source "ChessBase"]
[SourceQuality "1"]
[TimeControl "40/5400+30:1800+30"]

1. Nf3 {[%emt 0:04:30]} Nf6 {[%emt 0:03:30]} 2. c4 {[%emt 0:00:30]} d5 {[%emt 0:09:30]} 3. cxd5 {[%emt 0:00:30]} Qxd5 {[%emt 0:01:30]} 4. Nc3 {[%emt 0:02:30]} Qa5 {[%emt 0:06:30]} 5. d4 {[%emt 0:10:30]} Ne4 {[%emt 0:05:30]} 6. Qb3 {[%emt 0:08:30]} e6 {[%emt 0:06:30]} 7. a3 {[%emt 0:10:30]} Nc6 {[%emt 0:07:30]} 8. Qc2 {[%emt 0:07:30]} Bb4 {[%emt 0:06:30]} 9. axb4 {[%emt 0:14:30]} Qxa1 {[%emt 0:00:00]} 10. Nxe4 {[%emt 0:00:30]} Nxb4 {[%emt 0:00:00]} 11. Qd1 {[%emt 0:02:30]} Na2 {[%emt 0:02:30]} 12. Kd2 {[%emt 0:03:30]} b6 {[%emt 0:02:30]} 13. Nc3 {[%emt 0:01:30]} Bd7 {[%emt 0:01:30]} 14. Qc2 {[%emt 0:03:30]} Nb4 {[%emt 0:00:30]} 15. Qb3 {[%emt 0:00:30]} c5 {[%emt 0:00:30]} 16. e3 {[%emt 0:00:30]} Qa5 {[%emt 0:01:30]} 17. Qa3 {[%emt 0:02:30]} cxd4 {[%emt 0:00:30]} 18. exd4 {[%emt 0:00:30]} Nc6 {[%emt 0:02:30]} 19. Qxa5 {[%emt 0:01:30]} Nxa5 {[%emt 0:00:00]} 20. Kc2 {[%emt 0:02:30]} Rc8 {[%emt 0:01:00]} 21. Ba6 {[%emt 0:00:30]} Rd8 {[%emt 0:00:30]} 22. Be3 {[%emt 0:02:06]} f6 {[%emt 0:00:30]} 23. Ra1 {[%emt 0:04:51]} Kf7 {[%emt 0:00:30]} 24. Bb5 {[%emt 0:01:21]} Bxb5 {[%emt 0:01:30]} 25. Nxb5 {[%emt 0:00:06]} Rd7 {[%emt 0:00:30]} 26. Nc3 {[%emt 0:03:48]} Rc8 {[%emt 0:00:30]} 27. Ra4 {[%emt 0:01:29]} g5 {[%emt 0:00:30]} 28. h3 {[%emt 0:00:11]} h5 {[%emt 0:00:30]} 29. Bxg5 {[%emt 0:02:52]} fxg5 {[%emt 0:00:00]} 30. Ne5+ {[%emt 0:00:04]} Ke7 {[%emt 0:00:00]} 31. Nxd7 {[%emt 0:00:07]} Kxd7 {[%emt 0:00:30]} 32. Kd3 {[%emt 0:00:11]} Rf8 {[%emt 0:02:30]} 33. Ke3 {[%emt 0:00:52]} Rf5 {[%emt 0:01:30]} 34. f3 {[%emt 0:00:38]} Kc6 {[%emt 0:00:30]} 35. g4 {[%emt 0:01:36]} hxg4 {[%emt 0:00:30]} 36. hxg4 {[%emt 0:00:05]} Rf7 {[%emt 0:01:30]} 37. Ne4 {[%emt 0:00:18]} Rg7 {[%emt 0:00:30]} 38. Kd3 {[%emt 0:00:48]} Kd5 {[%emt 0:00:30]} 39. Ra1 {[%emt 0:05:04]} e5 {[%emt 0:00:30]} 40. Rh1 {[%emt 0:01:34]} exd4 {[%emt 0:00:00]} 41. Rh5 {[%emt 0:03:59]} Nc4 {[%emt 0:03:00]} 42. Nf6+ {[%emt 0:03:30]} Kc5 {[%emt 0:03:30]} 43. Ne4+ {[%emt 0:00:00]} Kd5 {[%emt 0:00:30]} 44. Nf6+ {[%emt 0:03:00]} Kc5 {[%emt 0:02:30]} 45. Ne4+ {[%emt 0:00:30]} 1/2-1/2

[Event "27th CRO-chT 1A-Men 2018"]
[Site "Biograd"]
[Date "2018.09.11"]
[Round "4.24"]
[White "Ivankovic, Ivo"]
[Black "Jukic, Branimir"]
[Result "0-1"]
[WhiteElo "2110"]
[BlackElo "2377"]
[Annotator "TA"]
[PlyCount "46"]
[EventDate "2018.09.08"]
[EventType "team-tourn"]
[EventCountry "CRO"]
[SourceTitle "playchess.com"]
[Source "ChessBase"]
[SourceQuality "1"]

{[%evp 11,46,25,23,0,10,20,20,-39,-30,-48,-48,-70,-44,-43,-49,-40,-32,-135,-137,-218,-206,-187,-129,-279,-282,-320,-322,-567,-542,-524,-461,-1161,-1122,-2210,-2138,-29994,-29995]} 1. c4 Nf6 2. Nc3 e5 3. Nf3 e4 4. Ng5 b5 5. Ngxe4 Nxe4 6. Nxe4 {A22: Englische Eröffnung} bxc4 {LiveBook: 4 Partien} 7. Qa4 (7. d3 cxd3 8. exd3 Bb4+ 9. Nc3 O-O 10. Be2 Nc6 11. d4 Re8 12. Be3 Rb8 13. O-O {½-½ (40) Ezat,M (2430)-Sadek,S (2351) Mahalla 2011}) 7... c6 8. e3 {Die Stellung ist ausgeglichen.} d5 9. Ng3 (9. Nc3 $11) 9... h5 $15 {[%cal Bh7h5,Bh5h4][%mdl 32]} 10. d3 $146 ({Vorgänger:} 10. h4 Bd6 11. Ne2 O-O 12. Nd4 c5 {0-1 (34) Pinzon,A-Arosemena Torrijos,J (2206) Panama 1999}) 10... Qb6 11. dxc4 Bb4+ 12. Kd1 h4 $36 {[%mdl 2048] Schwarz drückt.} 13. Ne2 dxc4 14. Nc3 (14. a3 $15 Be7 15. Ke1 (15. Qxc4 O-O $11)) 14... Be6 $17 15. a3 (15. Bd2 $17) 15... Bxc3 $1 $19 16. bxc3 Qc5 (16... Nd7 $19 17. Ke1 Qb3 18. Qxb3 cxb3) 17. Qb4 (17. Ke1 $17 {war nötig.}) 17... Qd5+ 18. Bd2 Nd7 {[%cal Bb8d7,Bd7c5,Bc5e4][%mdl 32]} 19. Ke1 $2 {[#]} (19. f3 {kämpft weiter.} Nc5 20. e4) 19... Rb8 20. Qa4 Nc5 (20... Rb2 $2 21. Bc1 $19) 21. Qxa7 (21. Qd1 $142 Rd8 22. f3) 21... O-O {Und weiter mit ...Tfd8 wäre nett.} 22. Qe7 Ne4 {[%csl Ge4][%cal Rd5d2]} 23. Rd1 {[#]} Rb1 $1 {[%mdl 512] Precision: Weiß =  6%, Schwarz = 94%.} 0-1

[Event "27th CRO-chT 1A-Men 2018"]
[Site "Biograd"]
[Date "2018.09.11"]
[Round "4.25"]
[White "Tomashevsky, Evgeny"]
[Black "Braun, Arik"]
[Result "1/2-1/2"]
[WhiteElo "2702"]
[BlackElo "2581"]
[Annotator "TA"]
[PlyCount "101"]
[EventDate "2018.09.08"]
[EventType "team-tourn"]
[EventCountry "CRO"]
[SourceTitle "playchess.com"]
[Source "ChessBase"]
[SourceQuality "1"]

{[%evp 22,101,43,0,1,0,0,0,0,0,0,0,6,0,22,3,19,1,18,35,28,25,78,77,99,106,115,103,81,84,140,104,102,41,44,33,25,0,52,0,0,0,20,0,22,0,70,76,58,72,68,34,38,0,8,6,7,12,20,8,8,0,0,0,0,0,0,0,0,0,0,0,0,0,0,0,0,-12,-7,-9,0,0]} 1. c4 {Atlas,V} e6 2. Nc3 d5 3. d4 Nf6 4. cxd5 exd5 5. Bg5 c6 6. e3 Be7 7. Bd3 Nbd7 8. Qc2 Nh5 9. Bxe7 Qxe7 10. O-O-O Nb6 11. Kb1 g6 12. Nge2 {[%cal Bg1e2,Be2c1,Bc1b3][%mdl 32]} Be6 {D36: Queen's Gambit Declined: Exchange Variation: Main line (5 Bg5 c6 6 Qc2)} (12... Ng7 13. Ng3 Bd7 14. Rc1 h5 15. h4 O-O-O 16. Na4 Nxa4 17. Qxa4 Kb8 18. Rc3 b6 19. Ra3 Be8 20. Rc1 {0-1 (42) Hammer,J (2689)-Yilmaz,M (2603) Gjakova 2016}) 13. f3 O-O-O 14. Nc1 Kb8 15. Nb3 Ng7 16. Rhe1 Rhe8 $146 ({Predecessor:} 16... Bf5 17. Bxf5 Nxf5 18. e4 dxe4 19. fxe4 Nd6 20. Qf2 {1-0 (47) Sherwin,J (2344)-Dhar Barua,S (2221) Torquay 2002 CBM 091 [Atlas,V]}) 17. Qf2 Qc7 18. Rc1 Ka8 19. h3 Bf5 20. e4 $36 {[%mdl 2048] White is pushing.} Be6 21. Nc5 dxe4 (21... Bc8 $11) 22. fxe4 $16 Bc4 23. Bxc4 Nxc4 24. b3 Nb6 25. d5 Re7 (25... Rc8 $142) 26. g4 Ne8 27. Qh4 ({Better is} 27. Red1 $16) 27... Qe5 $14 28. Ne6 Rdd7 29. Nc5 Rd8 $1 30. Red1 ({White should play} 30. Re2 $14) 30... cxd5 $11 31. exd5 {[#] Re1 is the strong threat.} g5 32. Qxh7 Nd6 33. Qd3 Qe3 (33... Rc8 $11 34. N5a4 Nxa4 35. Nxa4 Rec7) 34. Qxe3 $14 Rxe3 35. Rd3 Re5 36. Rf1 Rc8 37. N3a4 {[#] Strongly threatening Nxb6+.} Nxa4 {The position is equal.} 38. Nxa4 b5 39. Nb2 Rc5 40. b4 Rcxd5 41. Rf6 Rxd3 42. Nxd3 $11 {[%mdl 4096] Endgame KRN-KRN} Rd5 $1 {[%cal Rd5d3]} 43. Kc2 Kb8 44. Ne1 Kc7 45. Nf3 Kd7 46. Rh6 Ke7 47. Rh8 Ne4 48. Ra8 Rd7 49. a3 f6 50. h4 gxh4 51. Nxh4 {Precision: White = 47%, Black = 57%.} 1/2-1/2

[Event "27th CRO-chT 1A-Men 2018"]
[Site "Biograd"]
[Date "2018.09.12"]
[Round "4.26"]
[White "Georgiev, Kiril"]
[Black "Saric, Ivan"]
[Result "1/2-1/2"]
[WhiteElo "2590"]
[BlackElo "2689"]
[Annotator "TA"]
[PlyCount "21"]
[EventDate "2018.09.08"]
[EventType "team-tourn"]
[EventCountry "CRO"]
[SourceTitle "playchess.com"]
[Source "ChessBase"]
[SourceQuality "1"]

{[%evp 19,21,27,26,14]} 1. d4 Nf6 2. Nf3 e6 3. c4 Bb4+ 4. Bd2 Qe7 5. g3 Bxd2+ 6. Qxd2 Nc6 {E11: Bogo-Indian} 7. Nc3 d5 8. cxd5 exd5 9. Bg2 O-O 10. O-O Re8 {LiveBook: 16 Games} 11. Rfc1 $146 ({Predecessor:} 11. Qf4 Nd8 12. Rad1 c6 13. Qc1 Ne4 14. Ne5 {½-½ (27) Dorfman,J (2547)-Tregubov,P (2578) Brest 2018}) 1/2-1/2

[Event "27th CRO-chT 1A-Men 2018"]
[Site "Biograd"]
[Date "2018.09.12"]
[Round "4.27"]
[White "Markus, Robert"]
[Black "Muse, Drazen"]
[Result "1-0"]
[WhiteElo "2613"]
[BlackElo "2352"]
[Annotator "TA"]
[PlyCount "103"]
[EventDate "2018.09.08"]
[EventType "team-tourn"]
[EventCountry "CRO"]
[SourceTitle "playchess.com"]
[Source "ChessBase"]
[SourceQuality "1"]

{[%evp 15,103,36,54,49,76,76,73,74,82,83,84,59,70,66,74,45,52,45,53,46,35,43,45,53,50,48,59,56,66,66,62,62,69,66,67,73,69,50,56,39,43,29,41,15,16,16,27,22,29,27,21,14,10,12,33,39,56,54,125,119,124,114,149,132,162,94,69,69,66,62,78,63,75,50,60,12,338,337,329,316,378,378,564,336,318,246,1109,377,29968,29967]} 1. d4 e6 2. c4 f5 3. Nf3 Nf6 4. g3 Be7 5. Bg2 O-O 6. O-O d5 7. b3 Nc6 8. Bb2 Ne4 9. Nc3 {A93: Classical Dutch: Classical Stonewall: 7 b3} (9. e3 Bd7 10. Ne1 Be8 11. Nd3 a5 12. Nc3 Nb4 13. Nf4 Bf7 14. a3 Na6 15. Nd3 Bf6 16. Rc1 c6 {1-0 (53) Avrukh,B (2600)-Sokolov,I (2672) Alghero 2011}) 9... Bd7 10. e3 Be8 11. Ne1 {White is better.} Rf6 $146 ({Predecessor:} 11... Bf7 12. Nd3 g5 13. Rc1 Nb4 14. Nxb4 Bxb4 15. Nxe4 fxe4 16. f3 Bh5 {0-1 (62) Boensch,U (2530)-Kuess,M (2106) Austria 2012}) 12. Nd3 Rh6 13. Ne2 a5 14. f3 Nd6 15. Rc1 Nb4 16. c5 Nb5 17. a3 Nxd3 18. Qxd3 a4 19. b4 Bc6 20. Rf2 Qe8 21. Bf1 Bf6 22. Nc3 Nxc3 23. Bxc3 Bd7 24. b5 c6 {[%cal Rc6b5]} 25. bxc6 Bxc6 26. f4 g5 27. Rg2 Rg6 28. h3 Rg7 29. g4 fxg4 30. hxg4 Qd7 31. Be2 Rf8 32. Rf1 Bd8 33. Be1 Bc7 {[%cal Rg5f4]} 34. Bg3 Rgf7 {[%cal Rg5f4]} 35. Rgf2 Qd8 36. Kg2 Qb8 ({Black should play} 36... Qe7 $14) 37. fxg5 $16 {Intending Rxf7 and mate.} Rxf2+ 38. Bxf2 {Black must now prevent Rh1.} ({Don't take} 38. Rxf2 Bxg3 39. Rxf8+ Qxf8 $14) 38... Be8 39. Qb1 $1 e5 40. Bg3 ({White should try} 40. dxe5 $18 {Threatens to win with Bd3.} Qc8 41. Bg3 Rxf1 42. Bxf1 (42. Qxf1 Bd8 $16)) 40... Rxf1 41. Qxf1 {Hoping for Qf5.} exd4 $1 42. Bxc7 Qxc7 43. exd4 {[%cal Be3d4,Bd4e5][%mdl 32] And now Qf5 would win.} Qe7 44. Qf3 Qxg5 45. Kg3 Bd7 $2 {[%mdl 8192]} (45... Qc1 $1 $11) 46. Qf4 $1 $18 {[%cal Rf4g5]} Qe7 {[#]} 47. Qe5 $1 {[%cal Re5e7]} Qxe5+ 48. dxe5 Kf7 (48... h6 {is a better defense.} 49. Kf3 Be6) 49. Kf4 h6 {[#] intending ...Ke6.} 50. Ke3 $1 Kg6 $2 (50... Ke7 51. Kd4 Be6) 51. Kd4 $2 (51. Bf3 Kg5 52. Bxd5) 51... Bc6 $2 (51... Kf7 $18 52. Kxd5 Ke7) 52. Bf3 {Precision: White = 66%, Black = 43%.} 1-0

[Event "27th CRO-chT 1A-Men 2018"]
[Site "Biograd"]
[Date "2018.09.12"]
[Round "4.28"]
[White "Cosic, Marin"]
[Black "Kuljasevic, Davorin"]
[Result "0-1"]
[WhiteElo "2227"]
[BlackElo "2548"]
[Annotator "TA"]
[PlyCount "66"]
[EventDate "2018.09.08"]
[EventType "team-tourn"]
[EventCountry "CRO"]
[SourceTitle "playchess.com"]
[Source "ChessBase"]
[SourceQuality "1"]

{[%evp 17,66,-2,-14,-18,0,0,0,-5,-12,-12,19,0,21,0,12,-19,-30,-33,-32,-35,-27,-49,-46,-60,-55,-104,-101,-110,-104,-111,-107,-105,-93,-94,-97,-119,-102,-143,-141,-142,-137,-249,-272,-272,0,-155,0,-268,-269,-251,-251]} 1. d4 Nf6 2. Nf3 c5 3. e3 g6 4. Be2 Bg7 5. O-O O-O 6. c4 cxd4 7. Nxd4 d5 8. Nc3 dxc4 9. Bxc4 a6 10. Be2 {D94: Grünfeld: 4 Nf3 Bg7 5 e3} (10. a4 Qc7 11. b3 Nbd7 12. Bb2 Nb6 13. Bd3 Rd8 14. Rc1 e5 15. Nf3 Qe7 16. Qc2 Bg4 17. a5 Nbd5 18. Nxd5 Rxd5 {½-½ (27) Reinderman,D (2584)-Ernst,S (2535) Amsterdam 2016}) 10... Qc7 11. Bd2 e5 12. Nb3 {The position is equal.} Nc6 13. Rc1 Bf5 $146 ({Predecessor:} 13... Rd8 14. Qe1 Qe7 15. Na4 Ne4 16. Ba5 Nxa5 17. Qxa5 Be6 {0-1 (39) Hoang,T (2325)-Erkhembayar,D (2303) Shenyang 1999}) 14. g4 {[%cal Bg2g4,Bg4g5][%mdl 32]} Bc8 15. g5 Ne8 {[%cal Bf6e8,Be8d6,Bd6e4][%mdl 32]} 16. Nd5 Qd8 $1 {[%cal Rd8d5]} 17. e4 Nd6 18. Bf3 Be6 19. Be3 Nd4 $1 20. Bg2 {[%cal Rb3d4] [#]} Nxe4 $1 {[%mdl 512]} 21. Nc7 (21. Bxe4 Bxd5) 21... Bxb3 $1 22. axb3 Rc8 23. Bxd4 exd4 24. Bxe4 {White wants to play Nd5.} Rxc7 25. Rxc7 Qxc7 26. Qf3 b6 27. Bd5 Re8 28. h4 Re5 29. Kg2 {[#]} (29. Be4 $17 {is a better defense.}) 29... Rf5 $1 $19 {[%cal Rf5f3]} 30. Qe4 Re5 ({Black should play} 30... Rf4 $19 31. Qe8+ Bf8) 31. Qf3 $17 Rf5 (31... h6 $17 32. gxh6 Bxh6) 32. Qe4 $19 Rf4 33. Qe8+ Bf8 {Precision: White = 48%, Black = 72%.} 0-1

[Event "27th CRO-chT 1A-Men 2018"]
[Site "Biograd"]
[Date "2018.09.12"]
[Round "4.29"]
[White "Plenca, Jadranko"]
[Black "Zivkovic, Nikola"]
[Result "1-0"]
[WhiteElo "2477"]
[BlackElo "2144"]
[Annotator "TA"]
[PlyCount "81"]
[EventDate "2018.09.08"]
[EventType "team-tourn"]
[EventCountry "CRO"]
[SourceTitle "playchess.com"]
[Source "ChessBase"]
[SourceQuality "1"]

{[%evp 20,81,26,0,0,0,0,0,0,-42,47,0,0,0,223,225,234,235,232,174,225,205,230,231,231,225,216,197,195,184,221,222,237,216,236,247,250,238,256,252,232,225,308,269,344,283,420,488,470,456,472,456,493,492,620,450,519,518,531,525,582,597,2565,2506]} 1. e4 c5 2. Nf3 d6 3. Bb5+ Nc6 4. O-O Nf6 5. Re1 Bd7 6. c3 {[%cal Bc2c3,Bc3d4,Bd4d5][%mdl 32]} a6 {B51: Sicilian: Moscow Variation (3 Bb5+) without 3...Bd7} 7. Bc4 (7. Bf1 Bg4 8. h3 Bxf3 9. Qxf3 g6 10. Na3 Bg7 11. Nc2 Nd7 12. Qd1 O-O 13. b3 Rc8 14. d4 cxd4 15. cxd4 Qb6 16. Be3 Nb4 17. Nxb4 Qxb4 {0-1 (60) Fedoseev,V (2724)-Mamedov,R (2709) chess.com INT 2018}) 7... Bg4 8. d4 cxd4 9. cxd4 Bxf3 10. gxf3 e5 11. d5 {LiveBook: 4 Games} Nd4 12. Be3 Nh5 13. Kh1 $146 ({Predecessor:} 13. f4 Qh4 14. fxe5 dxe5 15. Bxd4 exd4 {½-½ (24) Balogh,C (2621)-Bobras,P (2524) Germany 2016}) 13... Rc8 14. Bd3 Qd7 (14... Be7 $15) 15. Nd2 Be7 $1 16. Nc4 $36 {[%mdl 2048] Nb6 is the strong threat. White fights for an advantage.} Bd8 $2 (16... Qh3 $11 17. Bxd4 exd4) 17. Bxd4 $18 {aiming for Be3.} Rxc4 18. Bxc4 exd4 19. Qxd4 O-O (19... Qh3 $142) 20. e5 dxe5 21. Qxe5 g6 {[#]} 22. d6 $1 Bf6 23. Qd5 Nf4 24. Qd2 g5 {intending ...Qh3.} 25. Bf1 Kg7 26. Re4 Ng6 27. Rd1 Rd8 28. Qa5 Rc8 29. Qa4 Rc6 30. Qb4 Qf5 31. Bg2 Qd7 32. Rc4 Be5 (32... Rxc4 $142 33. Qxc4 Nf4) 33. Rxc6 bxc6 {White is clearly winning.} 34. Qg4 Qd8 35. d7 Nf4 36. Qf5 Bf6 37. Qc5 Qa8 38. Rd6 Ne6 39. Qxc6 Qd8 40. Bh3 Nf4 {[#]} 41. Rxf6 $1 {Precision: White = 75%, Black = 39%.} 1-0

[Event "27th CRO-chT 1A-Men 2018"]
[Site "Biograd"]
[Date "2018.09.11"]
[Round "4.30"]
[White "Raguz, Darko"]
[Black "Jovanic, Ognjen"]
[Result "0-1"]
[WhiteElo "2076"]
[BlackElo "2512"]
[Annotator "TA"]
[PlyCount "89"]
[EventDate "2018.09.08"]
[EventType "team-tourn"]
[EventCountry "CRO"]
[SourceTitle "playchess.com"]
[Source "ChessBase"]
[SourceQuality "1"]

{[%evp 24,89,20,12,28,0,0,-12,-6,-12,-11,-11,-12,-20,-20,-25,-21,-44,-4,-18,-18,-18,-16,-22,-27,-62,-18,-18,-19,-22,-23,-41,-37,-41,-34,-83,-78,-102,-82,-81,-9,-89,-120,-309,-301,-416,-402,-352,-404,-295,-295,-399,-324,-835,-770,-1175,-1083,-2111,-1868,-1753,-1460,-4113,-5740,-5126,-5126,-5125,-5118,-29987]} 1. e4 c5 2. Nf3 e6 3. c3 d5 4. exd5 Qxd5 5. d4 Nf6 6. Na3 Nc6 7. Nb5 Qd8 8. dxc5 Bxc5 9. Qxd8+ Kxd8 10. Bf4 Ne4 {B22: Sicilian: 2 c3} 11. Rd1+ (11. Ng5 Nxg5 12. Bxg5+ f6 13. Be3 Bxe3 14. fxe3 Ke7 15. O-O-O Ne5 16. Be2 Bd7 17. Nd4 Rac8 18. Rd2 {0-1 (57) Predojevic,B (2616)-Carlsen,M (2864) Lillehammer 2013 CBM 155 Extra [CB]}) 11... Ke7 12. Nbd4 Nxd4 13. Nxd4 {LiveBook: 29 Games} f6 14. Be3 e5 15. Nc2 $1 Be6 16. f3 $146 ({Predecessor:} 16. Bd3 Bxe3 17. Nxe3 Nc5 18. Nf5+ {1-0 (81) Lardot,D (2029)-Pukkila,M (2181) Stockholm 2005}) 16... Bxe3 17. Nxe3 Nc5 18. b3 Rhd8 $36 {[%mdl 2048] Black is more active.} 19. Be2 f5 20. O-O Kf6 21. Rxd8 Rxd8 22. Rd1 Rxd1+ 23. Nxd1 $11 {[%mdl 4096] Endgame KBN-KBN} g5 24. Nb2 h5 25. b4 Nd7 26. a4 b6 27. Kf2 Bd5 28. Bb5 Ke6 29. Bxd7+ Kxd7 $15 {KB-KN} 30. c4 Be6 31. Ke3 a5 ({Better is} 31... Kd6 $17) 32. bxa5 (32. c5 $1 $11 {remains equal.}) 32... bxa5 $17 33. h4 $2 (33. Nd3 $17 {was necessary.} Kd6 34. c5+ Kd5 35. c6) 33... gxh4 $19 34. f4 Kd6 35. fxe5+ Kxe5 36. Nd3+ Kf6 37. Kd4 Bd7 38. Kd5 $2 (38. Ne5 Bxa4 39. c5) 38... Bxa4 {Black is clearly winning.} 39. Kd6 Be8 40. c5 a4 {[%cal Ba5a4,Ba4a3][%mdl 32]} 41. Nb4 a3 42. c6 {[#]} Bxc6 $1 {[%mdl 512]} 43. Kxc6 (43. Nxc6 a2) 43... f4 {[%cal Bf5f4,Bf4f3][%mdl 32]} 44. Kd5 {[#]} f3 $1 {[%mdl 512]} 45. Kd4 {Precision: White = 24%, Black = 75%.} (45. gxf3 h3) 0-1